000
00315nam a2200097Ia 4500
008
171204s9999 xx 000 0 und d
245
_a
Blender 3D Basics: Gordon Fisher
260
_c
2014
650
_x
Advanced 3D Computer Animation
856
_u
http://down.ebook777.com/015/Blender%203D%20Basics,%202nd%20Edition.pdf
999
_c
346245
_d
346245